El desarrollo integrado de Centroamérica en la presente década: bases y propuestas para el perfeccionamiento y la reestructuración del Mercado Común Centroamericano. Aspectos institucionales del desarrollo integrado: creación de la Comunidad Económica Centroamericana
Kaydedildi:
| Kurumsal yazarlar: | , |
|---|---|
| Materyal Türü: | Kitap |
| Dil: | İspanyolca |
| Baskı/Yayın Bilgisi: |
Ciudad de Guatemala
SIECA
1972
|
| Seri Bilgileri: | Anexo, 11
|
| Konular: | |
| Etiketler: |
Etiketle
Etiket eklenmemiş, İlk siz ekleyin!
|
MARC
| LEADER | 00000nam a2200000 a 4500 | ||
|---|---|---|---|
| 001 | UCR9342 | ||
| 003 | CL-VaPUC | ||
| 008 | 980613e19721000gt |||||||||||||||||spa|d | ||
| 082 | 0 | 4 | |a 337.172 |b SIE |2 21 |
| 110 | 2 | |a SIECA |e author |9 411764 | |
| 710 | 2 | |a Secretaría Permanente del Tratado General de Integración Económica Centroamericana |e author |9 411765 | |
| 245 | 1 | 3 | |a El desarrollo integrado de Centroamérica en la presente década: bases y propuestas para el perfeccionamiento y la reestructuración del Mercado Común Centroamericano. Aspectos institucionales del desarrollo integrado: creación de la Comunidad Económica Centroamericana |
| 300 | |a 64 p | ||
| 942 | |c BK | ||
| 945 | |d 19980613 00:00:00 |a crobeson | ||
| 260 | |a Ciudad de Guatemala |b SIECA |c 1972 | ||
| 600 | 0 | 7 | |a MERCADO COMUN CENTROAMERICANO |2 CL-VaPUC |9 358980 |
| 600 | 0 | 7 | |a COMUNIDAD ECONOMICA CENTROAMERICANA |2 CL-VaPUC |9 411766 |
| 650 | 0 | |a Integración económica |9 255024 | |
| 650 | 0 | |a COOPERACION ECONOMICA |9 307939 | |
| 650 | 0 | |a Mercado común |9 378790 | |
| 650 | 7 | |a RELACIONES COMERCIALES |2 CL-VaPUC |9 322074 | |
| 650 | 0 | |a Economía internacional |9 258254 | |
| 650 | 0 | |a Desarrollo económico |9 259599 | |
| 583 | |a last modification |c 20171213 01:45:49 |k Rodrigo Vera | ||
| 490 | 0 | |a Anexo, 11 | |
| 999 | |c 270540 |d 270538 | ||
| 952 | |0 0 |1 0 |4 0 |6 337_172000000000000_SIE_1972 |7 0 |8 A |9 304861 |a BIBENE |b BIBENE |d 2019-11-20 |i 1411209 |o 337.172 SIE 1972 |p 1411209 |r 2025-01-15 |w 2019-11-20 |y BK |k ICO | ||